[Event "Challenge"]
[Site "http://www.queenalice.com/game.php?id=339691"]
[Date "2008.1.20"]
[Round "-"]
[White "evandro_"]
[Black "IRAN_SILVA"]
[Result "0-1"]
[WhiteElo "1132"]
[BlackElo "2013"]

1. e4 c5 2. e5 Nc6 3. Nc3 Nxe5 4. Qh5 d6 5. Bb5+ Bd7 6. Nd5 Bxb5 7. f4 g6 8. Qh3
Bd7 9. g4 Nxg4 10. b3 Nf2 11. Qg2 Nxh1 12. Qxh1 Bc6 13. d3 Bg7 14. c3 Bxc3+ 15.
Nxc3 Bxh1 16. Bb2 Qa5 17. Nh3 b5 18. Nf2 Bf3 19. a4 b4 20. Nb5 f6 21. Kf1 a6 22.
Nxd6+ exd6 23. Ne4 Bxe4 24. dxe4 Ne7 25. Rd1 Rd8 26. Bxf6 Rf8 27. Bg5 c4 28.
bxc4 Qxa4 29. Ke2 Qc2+ 30. Rd2 Qxc4+ 31. Ke3 d5 32. Rd4 Qc3+ 33. Kf2 Qxd4+ 34.
Kf3 Qxe4+ 35. Kg4 h5+ 36. Kg3 Nf5+ 37. Kf2 Rc8 38. Kg1 Rc2 39. h3 Qe1# 0-1

[Event "Let's Play Chess!"]
[Site "http://www.queenalice.com/game.php?id=339830"]
[Date "2008.1.21"]
[Round "-"]
[White "evandro_"]
[Black "lucianovdemelo"]
[Result "0-1"]
[WhiteElo "1079"]
[BlackElo "1346"]

1. e3 e5 2. b4 d5 3. Nc3 Nc6 4. Nxd5 Qxd5 5. d4 exd4 6. c4 Qe4 7. Bb2 dxe3 8. b5
exf2+ 9. Kxf2 Bc5+ 10. Kg3 Nf6 11. Rc1 Qg4+ 12. Qxg4 Bxg4 13. h3 Bxg1 14. Rxg1
Bh5 15. Rc2 Nd4 16. Bxd4 O-O 17. a4 Ne4+ 18. Kf4 Rae8 19. g4 Bg6 20. Bxa7 Nc5
21. Bxc5 Re4+ 0-1

[Event "Challenge"]
[Site "http://www.queenalice.com/game.php?id=339856"]
[Date "2008.1.21"]
[Round "-"]
[White "Vash"]
[Black "evandro_"]
[Result "1-0"]
[WhiteElo "1623"]
[BlackElo "1100"]

1. e4 d6 2. h3 g6 3. Nf3 Nf6 4. d3 e5 5. Nc3 b6 6. Be2 Nc6 7. O-O h6 8. Nh2 Nb4
9. a3 Nc6 10. f4 Rh7 11. f5 gxf5 12. exf5 Rg7 13. Bxh6 Rh7 14. Bxf8 Kxf8 15. Bf3
d5 16. Ng4 d4 17. Bxc6 dxc3 18. Bxa8 cxb2 19. Rb1 Qd4+ 20. Kh1 Rh5 21. Nxf6 Rh6
22. Ne4 Ke7 23. c3 Qe3 24. f6+ Ke6 25. Rxb2 Rh4 26. Re2 Qh6 27. Qb3+ Kd7 28.
Qb5+ Ke6 29. Qd5# 1-0

[Event "XADRES"]
[Site "http://www.queenalice.com/game.php?id=340246"]
[Date "2008.1.22"]
[Round "-"]
[White "leokrs"]
[Black "evandro_"]
[Result "1/2-1/2"]
[WhiteElo "1238"]
[BlackElo "1128"]

1. e4 Nc6 2. d4 Nxd4 3. Qxd4 d6 4. Bb5+ c6 5. Bc4 c5 6. Qe3 Qa5+ 7. c3 g6 8. b4
Qa4 9. Qf3 Nf6 10. Qd1 b5 11. Bd5 Rb8 12. Bc6+ Kd8 13. Na3 cxb4 14. Bxb5 Qxd1+
15. Kxd1 bxa3 16. Rb1 Nxe4 17. Nf3 Nxc3+ 18. Kc2 Nxa2 19. Bxa3 Bg7 20. Rhd1 Bf5+
21. Kb3 Nc3 22. Rxd6+ Kc7 23. Rc6+ Kb7 24. Re1 Nxb5 25. Rc5 Ka6 26. Rxe7 Nxa3+
27. Kxa3 Be4 28. Rxe4 Bb2+ 29. Ka2 Rhd8 30. Ra4+ Kb7 31. Kxb2 Rbc8 32. Re5 f5
33. Rea5 Ra8 34. Rb4+ Kc6 35. Ne5+ Kd6 36. Rd4+ Ke6 37. Rc4 Rab8+ 38. Kc3 Rd5
39. Rc6+ Kxe5 40. Rxa7 Rbd8 41. Rcc7 Rd2 42. Ra4 Rxf2 43. Rc5+ Rd5 44. Rc7 Rxg2
45. Rxh7 f4 46. Rh5+ gxh5 47. Ra1 Rxh2 48. Re1+ Kf5 49. Rf1 Rc5+ 50. Kd4 Re5 51.
Rxf4+ Kxf4 52. Kc4 Ra2 53. Kb3 Rea5 54. Kb4 h4 55. Kb3 h3 56. Kb4 h2 57. Kb3
h1=Q 58. Kb4 Qd5 59. Kc3 Ke3 60. Kb4 Kd3 1/2-1/2

[Event "Let's Play Chess!"]
[Site "http://www.queenalice.com/game.php?id=340506"]
[Date "2008.1.22"]
[Round "-"]
[White "evandro_"]
[Black "nvwinelover"]
[Result "0-1"]
[WhiteElo "1071"]
[BlackElo "1390"]

1. b3 e5 2. d3 d5 3. g3 Nc6 4. a4 Nf6 5. Nf3 Ng4 6. c3 e4 7. Bg2 exf3 8. Bxf3
Na5 9. h3 Ne5 10. b4 Nxf3+ 11. exf3 Nc6 12. Qe2+ Be6 13. Ra3 d4 14. Qe4 dxc3 15.
b5 Bxa3 16. Bxa3 f5 17. Qxe6+ Ne7 18. Nxc3 c6 19. h4 Qd7 20. Qxd7+ Kxd7 21. Kd2
cxb5 22. axb5 a6 23. Re1 axb5 24. Bxe7 Rhe8 25. Nd5 Ra2+ 26. Ke3 b4 27. Kf4 b3
28. Nc3 Rxf2 29. Re3 Rxe7 30. Nd1 Rf1 31. Nc3 Rxe3 32. Kxe3 Rc1 33. Na4 b5 34.
Nb6+ Kc6 35. Nc8 Re1+ 0-1

[Event "Let's Play Chess!"]
[Site "http://www.queenalice.com/game.php?id=344144"]
[Date "2008.1.28"]
[Round "-"]
[White "karpovl"]
[Black "evandro_"]
[Result "1-0"]
[WhiteElo "1464"]
[BlackElo "1274"]

1. e4 g6 2. d4 Bg7 3. e5 b6 4. Qf3 c6 5. Bf4 Bb7 6. Nc3 Qc7 7. e6 c5 8. Bxc7
Bxf3 9. Nxf3 Na6 10. Be5 Kf8 11. Ng5 fxe6 12. Bxa6 Rb8 13. Bxb8 Bh6 14. Be5 Bxg5
15. Bxh8 cxd4 16. Ne4 Bf4 17. O-O d6 18. Rad1 e5 19. g3 Bh6 20. Bb5 e6 21. Nxd6
Ne7 22. Bxe5 Nd5 23. Rxd4 Ke7 24. Rh4 Nc7 25. Rxh6 a6 26. Rxh7+ Kd8 27. Bf6# 1-0

[Event "Challenge"]
[Site "http://www.queenalice.com/game.php?id=344145"]
[Date "2008.1.28"]
[Round "-"]
[White "evandro_"]
[Black "vivafloresta"]
[Result "0-1"]
[WhiteElo "1169"]
[BlackElo "1202"]

1. Nf3 b6 2. Rg1 Nf6 3. Nc3 Bb7 4. Nd4 e5 5. Nf5 Ng4 6. g3 Nxh2 7. Bh3 g6 8. Nh4
Nc6 9. Rg2 Be7 10. Rxh2 Bxh4 11. gxh4 Qxh4 12. Nd5 Qg5 13. Nxc7+ Kf8 14. Bxd7
Qg1# 0-1

[Event "Challenge"]
[Site "http://www.queenalice.com/game.php?id=344157"]
[Date "2008.1.28"]
[Round "-"]
[White "evandro_"]
[Black "squarsh"]
[Result "0-1"]
[WhiteElo "1132"]
[BlackElo "1100"]

1. b3 d5 2. d4 Bf5 3. Nc3 Nf6 4. Ba3 Nbd7 5. e3 e6 6. b4 Be7 7. Bd3 Bg6 8. Qd2
O-O 9. h4 a6 10. Nf3 a5 11. Ne2 Ne4 12. Bxe4 Bxe4 13. h5 Bxf3 14. gxf3 Nb6 15.
Qd3 axb4 16. Bb2 Nc4 17. Qb3 b6 18. c3 Nxb2 19. Qxb2 bxc3 20. Qxc3 Bf6 21. e4
dxe4 22. fxe4 c5 23. Qc4 Bxd4 24. Rd1 e5 25. f4 Qf6 26. Rf1 Qh4+ 27. Kd2 Qh3 28.
Rh1 Qe3+ 29. Ke1 Qxe4 30. Rh3 exf4 31. Qb3 c4 32. Qxc4 Bf2+ 33. Kxf2 Qxc4 34. a3
Rfe8 35. Rhd3 Qe4 36. Nc3 Qf5 37. Nd5 Qe5 38. Kf3 g5 39. Nxb6 Qe2# 0-1

[Event "Challenge"]
[Site "http://www.queenalice.com/game.php?id=344868"]
[Date "2008.1.29"]
[Round "-"]
[White "evandro_"]
[Black "prmntgen"]
[Result "0-1"]
[WhiteElo "1274"]
[BlackElo "1702"]

1. d4 d5 2. Nc3 Nf6 3. Qd3 e6 4. Qe3 Bb4 5. a4 Nc6 6. b3 Ne4 7. Bd2 Nxc3 8. Bxc3
Bxc3+ 9. Qxc3 O-O 10. Rd1 Re8 11. Rd3 a5 12. Rh3 Qg5 13. Qd3 Nb4 14. Rxh7 Nxd3+
15. exd3 Qc1+ 16. Ke2 Qxc2+ 17. Ke3 Kxh7 18. Nf3 Qxb3 19. Ng5+ Kg6 20. Kf4 f6
21. Nf3 Qxa4 22. Rg1 b5 23. Nh4+ Kf7 24. Nf3 b4 25. g4 b3 26. Bh3 g5+ 27. Ke3 e5
28. dxe5 Qf4+ 29. Ke2 b2 30. Rb1 Rb8 31. d4 fxe5 32. dxe5 Ba6+ 33. Kd1 Qxf3+ 34.
Kc2 Qd3# 0-1

[Event "Challenge"]
[Site "http://www.queenalice.com/game.php?id=344869"]
[Date "2008.1.29"]
[Round "-"]
[White "evandro_"]
[Black "limone_br"]
[Result "0-1"]
[WhiteElo "1048"]
[BlackElo "1629"]

1. Nc3 e6 2. e3 d5 3. d4 c5 4. Bb5+ Bd7 5. a4 Nc6 6. Qd2 cxd4 7. exd4 Qh4 8. g3
Qxd4 9. Nf3 Qg4 10. Qe2 Bc5 11. h3 Qb4 12. h4 Nd4 13. Qd3 Nxf3+ 14. Qxf3 Bxb5
15. axb5 Qd4 16. Ra4 Bb4 17. Be3 Bxc3+ 18. bxc3 Qxa4 19. Kd2 Qxb5 20. Bd4 Nf6
21. Qf4 Ne4+ 22. Ke3 f6 23. Kf3 O-O 24. Qg4 e5 0-1

[Event "Challenge"]
[Site "http://www.queenalice.com/game.php?id=345763"]
[Date "2008.1.30"]
[Round "-"]
[White "SaL"]
[Black "evandro_"]
[Result "1-0"]
[WhiteElo "1166"]
[BlackElo "1101"]

1. e4 e5 2. Be2 Qf6 3. c3 d6 4. Bc4 g6 5. Nh3 Be6 6. Bb5+ c6 7. Ba4 b5 8. Bb3 d5
9. exd5 cxd5 10. O-O h5 11. Na3 a6 12. Qe1 a5 13. Qe2 g5 14. Qxb5+ Bd7 15. Qb7
Qc6 16. Qxc6 Nxc6 17. Nb5 Kd8 18. Bxd5 1-0

[Event "Challenge"]
[Site "http://www.queenalice.com/game.php?id=347911"]
[Date "2008.2.3"]
[Round "-"]
[White "evandro_"]
[Black "brianrintoul"]
[Result "0-1"]
[WhiteElo "1139"]
[BlackElo "1460"]

1. h4 e5 2. g3 d5 3. Nf3 Nc6 4. Bg2 Nf6 5. h5 Qe7 6. b3 Qc5 7. Ba3 Qb6 8. Rh4 h6
9. Nc3 g5 10. Ra4 Bf5 11. Nxe5 Nxe5 12. Bf3 d4 13. Nd5 Qc6 14. Nxf6+ Qxf6 15.
Bxb7 Rb8 16. Rxa7 Bh3 17. e3 Ng4 18. f3 Nh2 19. exd4 Bd6 20. f4 gxf4 21. Bc5
fxg3 22. Ra8 O-O 23. a4 Qf1# 0-1

[Event "Challenge"]
[Site "http://www.queenalice.com/game.php?id=348470"]
[Date "2008.2.4"]
[Round "-"]
[White "Tanatos"]
[Black "evandro_"]
[Result "1-0"]
[WhiteElo "1132"]
[BlackElo "1232"]

1. e4 Nf6 2. e5 Nd5 3. Bc4 c6 4. Nc3 Nxc3 5. dxc3 Qc7 6. Qf3 f6 7. exf6 gxf6 8.
Bf4 e5 9. Qh5+ Kd8 10. Bh6 d5 11. Bxf8 Rxf8 12. Qh6 dxc4 13. Qxf8+ Kd7 14.
O-O-O+ Ke6 15. Nf3 e4 16. Qe8+ Kf5 17. Nd4+ Kf4 18. Ne6+ Bxe6 19. Qxe6 Qe5 20.
Rd6 Qxe6 21. Rxe6 Kf5 22. Re8 c5 23. Re1 b5 24. R1xe4 a5 25. f3 b4 26. Rg8 h5
27. g3 Nd7 28. Rxa8 Nb6 29. Rg8 Nd5 30. h3 bxc3 31. g4+ hxg4 32. hxg4# 1-0

[Event "Challenge"]
[Site "http://www.queenalice.com/game.php?id=348684"]
[Date "2008.2.4"]
[Round "-"]
[White "jcmobregon"]
[Black "evandro_"]
[Result "1-0"]
[WhiteElo "2125"]
[BlackElo "1071"]

1. c4 Nf6 2. g3 d6 3. Bg2 a5 4. Nf3 Ra6 5. O-O h5 6. Nc3 c6 7. d4 c5 8. dxc5
dxc5 9. Qxd8+ Kxd8 10. Bf4 Nbd7 11. Rfd1 Rb6 12. Nb5 e5 13. Bxe5 Ke7 14. Na7 Kd8
15. Ng5 Rh6 16. Nxf7+ Ke7 17. Nxh6 Rc6 18. Bxf6+ Kxf6 19. Ng8+ Kf7 20. Bd5+ Ke8
21. Bxc6 bxc6 22. Nxc8 Kd8 23. Nd6 Nb6 24. e4 Kc7 25. Nf7 Nxc4 26. Rd8 Bd6 27.
Rd1 Be5 28. b3 Nb2 29. R1d7+ 1-0

[Event "Challenge"]
[Site "http://www.queenalice.com/game.php?id=350118"]
[Date "2008.2.7"]
[Round "-"]
[White "peaceman"]
[Black "evandro_"]
[Result "1-0"]
[WhiteElo "1223"]
[BlackElo "1048"]

1. d4 d5 2. Nc3 Nf6 3. e3 c6 4. Na4 Nfd7 5. Qg4 Nc5 6. Qf4 Nxa4 7. Bd3 Qb6 8. b3
Nc3 9. Bd2 Nb5 10. a4 Nd6 11. Nh3 c5 12. O-O Qc6 13. g3 Bxh3 14. Qh4 Qd7 15. f4
Bf5 16. Qg5 f6 17. Qh5+ g6 18. Qf3 c4 19. bxc4 dxc4 20. Be2 h5 21. h4 Bg4 22.
Rf2 Bxf3 23. Bxf3 Nf5 24. Kg2 Qc7 25. Rb1 Na6 26. c3 Rb8 27. Rff1 e5 28. Rfe1
Nd6 29. e4 Qa5 30. Ra1 b5 31. f5 gxf5 32. exf5 Nxf5 33. dxe5 Rd8 34. exf6+ Kf7
35. Bd5+ 1-0

[Event "Challenge"]
[Site "http://www.queenalice.com/game.php?id=353341"]
[Date "2008.2.12"]
[Round "-"]
[White "BLUESHARK"]
[Black "evandro_"]
[Result "1-0"]
[WhiteElo "1589"]
[BlackElo "1037"]

1. e3 Nf6 2. d4 e6 3. Bd3 Nc6 4. Nf3 g5 5. O-O Bd6 6. Nxg5 Rg8 7. Nf3 b6 8. e4
Bb7 9. e5 Nd5 10. exd6 cxd6 11. Bxh7 Qc8 12. Bxg8 Ke7 13. Bh7 f5 14. Bg5+ Nf6
15. Bg6 Qh8 16. d5 exd5 17. Qxd5 Ne5 18. Nxe5 Bxd5 19. Nf3 Rg8 20. Bxf5 Kf7 21.
Bf4 Nh5 22. Bc1 Qf6 23. Ng5+ Rxg5 24. Bxg5 Qxg5 25. Bh3 Nf4 26. Rd1 Ne2+ 27. Kf1
Nf4 28. Nd2 b5 29. Nf3 Qg7 30. Rxd5 Nxd5 31. c3 1-0

[Event "Challenge"]
[Site "http://www.queenalice.com/game.php?id=355986"]
[Date "2008.2.17"]
[Round "-"]
[White "billymc"]
[Black "evandro_"]
[Result "1-0"]
[WhiteElo "1118"]
[BlackElo "1066"]

1. d4 d5 2. Nc3 c6 3. e4 dxe4 4. Nxe4 Qd5 5. Qd3 e5 6. c4 Qa5+ 7. Bd2 Bb4 8. Nf3
Bf5 9. Rd1 Nf6 10. Nfg5 h6 11. a3 Bxe4 12. Nxe4 Ke7 13. axb4 1-0